000 00614nam a22002057a 4500
003 GBCCL
005 20251105142609.0
008 251105b |||||||| |||| 00| 0 eng d
020 _a9780310226000
020 _a0310226007
040 _cGBC
082 _a253.5
_bCRA 1
100 _aCrabb, Lawrence J.
245 _a Understanding people :
_bdeep longings for relationship /
_cLawrence J Crabb
260 _aGrand Rapids, MI, :
_bMinistry Resources Library,
_c1987
300 _a224 p. : ill. ;
_b23 cm.
650 _aBible-Evidences, authority, etc
650 _aPastoral counseling
942 _2ddc
_cBK
_n0
999 _c10971
_d10971